Sexto informe de gobierno que rinde ante el H. Congreso de la Unión José López Portillo presidente constitucional /

Đã lưu trong:
Chi tiết về thư mục
Tác giả của công ty: México. Presidente. 1976-1982 (López Portillo y Pacheco)
Tác giả khác: López Portillo y Pacheco, José (autor) (autor)
Định dạng: Sách
Ngôn ngữ:Tiếng Tây Ban Nha
Được phát hành: México : Presidencia de la República, 1982
Các nhãn: Thêm thẻ
Không có thẻ, Là người đầu tiên thẻ bản ghi này!

MARC

LEADER 00000nam^a2200000^a^4500
001 000575679
005 20250521000000.0
009 20260310132413.551
020 |a 968-828-064-X 
037 |a Acervo ITESO - Biblioteca 
041 |a ESP 
091 |a FGM. 05570 
110 |a México.  |b Presidente. 1976-1982 (López Portillo y Pacheco) 
245 1 0 |a Sexto informe de gobierno que rinde ante el H. Congreso de la Unión José López Portillo presidente constitucional / 
264 1 |a México :  |b Presidencia de la República,  |c 1982 
300 |a 72 p. 
336 |a texto  |b txt  |2 rdacontenido 
337 |a sin mediación  |b n  |2 rdamedio 
338 |a volumen  |b nc  |2 rdasoporte 
649 |a XX 
700 |a López Portillo y Pacheco, José  |e (autor) 
910 |a Fondo Efraín González Morfín 
920 |a Impresos - Libros 
930 |a Fondos Especiales 
905 |a 130 
901 |a 0500392970  |b IT2  |c ESL  |i D91517  |u 20250521 
902 |a https://opac.biblio.iteso.mx/vufind/Record/000575679